00920nam a2200241 i 4500001000700000003000900007005001700016007000300033008004100036080001300077100002800090245014100118260004900259300002200308490002200330650004900352700003700401700004700438830003000485852002200515999001900537952012200556134382ES-MaACL20250903012933.0t|070910s1973 sp |||| | spa d a51:37.021 aWhite, Stephen.911668710aMatemática y nueva pedagogía / cpor Stephen White ; prólogo del Dr. Miguel Masriera ; [traducción de J.M. García de la Mora]. aBarcelona : bPromoción Cultural, c[1973] a153 p. ; c20 cm.1 aTriángulo ; v114aMatemáticas-xEstudio y enseñanza9148181 aMasriera y Rubio, Miguel.9787781 aGarcía de la Mora, José Manuel.9544510 aTriángulo ; v19219840 aES-MaACLjC-56073 c134382d134382 00104070aATENEOMbATENEOMcDEPO2d2008-01-17eSCl0oC-56073p1139879r2023-02-23 00:00:00w2023-02-23yMONOGRAFIA